<?xml version="1.0" encoding="UTF-8"?>
<record
    xmlns:xsi="http://www.w3.org/2001/XMLSchema-instance"
    xsi:schemaLocation="http://www.loc.gov/MARC21/slim http://www.loc.gov/standards/marcxml/schema/MARC21slim.xsd"
    xmlns="http://www.loc.gov/MARC21/slim">

  <leader>01108nam a2200169Ia 4500</leader>
  <controlfield tag="008">121028s9999    xx            000 0 und d</controlfield>
  <datafield tag="020" ind1=" " ind2=" ">
    <subfield code="a">970-613-562-6</subfield>
  </datafield>
  <datafield tag="050" ind1=" " ind2=" ">
    <subfield code="a">HD69 S8 C67 2000</subfield>
  </datafield>
  <datafield tag="100" ind1=" " ind2=" ">
    <subfield code="a">CORTADA, James W.</subfield>
  </datafield>
  <datafield tag="245" ind1=" " ind2=" ">
    <subfield code="a">La era del trabajo en redes : como lo hacen IBM y otras compa&#xF1;&#xED;as / James W. Cortada, Thomas S. Hargraves con Edward Wakin y un equipo de consultores de IBM ; trad. Fernando Mart&#xED;nez Vald&#xE9;s</subfield>
  </datafield>
  <datafield tag="260" ind1=" " ind2=" ">
    <subfield code="a">M&#xE9;xico : Oxford</subfield>
  </datafield>
  <datafield tag="300" ind1=" " ind2=" ">
    <subfield code="a">xix, 224 p.</subfield>
  </datafield>
  <datafield tag="500" ind1=" " ind2=" ">
    <subfield code="a">T&#xED;tulo original: Into the networked age Incluye &#xED;ndices</subfield>
  </datafield>
  <datafield tag="505" ind1=" " ind2=" ">
    <subfield code="a">Pr&#xF3;logo Parte I. C&#xF3;mo enfrentar el cambio 1. El desaf&#xED;o del cambio, la respuesta de la transformaci&#xF3;n 2. C&#xF3;mo est&#xE1;n cambiando las reglas del juego 3. Convertir a los clientes en socios Parte 2. Dirigir a trav&#xE9;s del conocimiento 4. Administrar el con</subfield>
  </datafield>
  <datafield tag="650" ind1=" " ind2=" ">
    <subfield code="a">International Business Machines Corporation \ 2. Empresas internacionales - Administraci&#xF3;n \ 3. Redes de negocios \ 4. Alianzas estrat&#xE9;gicas (Negocios)</subfield>
  </datafield>
  <datafield tag="700" ind1=" " ind2=" ">
    <subfield code="a">Hargraves, Thomas S., coaut. \ II. Wakin, Edward, coaut. \ III. Mart&#xED;nez Vald&#xE9;s, Fernando, tr.&#xCC;</subfield>
  </datafield>
  <datafield tag="952" ind1=" " ind2=" ">
    <subfield code="0">0</subfield>
    <subfield code="1">0</subfield>
    <subfield code="4">0</subfield>
    <subfield code="7">0</subfield>
    <subfield code="a">14</subfield>
    <subfield code="b">14</subfield>
    <subfield code="d">2009-06-05</subfield>
    <subfield code="l">1</subfield>
    <subfield code="o">HD69 S8 C67 2000</subfield>
    <subfield code="p">14 000090</subfield>
    <subfield code="r">2013-07-08</subfield>
    <subfield code="s">2013-07-03</subfield>
    <subfield code="t">1</subfield>
    <subfield code="w">2012-10-28</subfield>
    <subfield code="y">LB</subfield>
  </datafield>
  <datafield tag="999" ind1=" " ind2=" ">
    <subfield code="c">84895</subfield>
    <subfield code="d">84895</subfield>
  </datafield>
</record>
